[Event "Muensterland Verbandsliga 1415"]
[Site "Germany"]
[Date "2014.11.08"]
[Round "3.7"]
[White "Wichmann, Norbert"]
[Black "Beyer, Dietmar"]
[Result "0-1"]
[WhiteElo "1706"]
[BlackElo "1927"]
[PlyCount "68"]
[EventDate "2014.09.06"]
[EventType "team-tourn"]
[EventRounds "9"]
[EventCountry "GER"]
[SourceTitle "EXT 2016"]
[Source "ChessBase"]
[SourceDate "2015.10.08"]
[SourceVersion "1"]
[SourceVersionDate "2015.10.08"]
[SourceQuality "1"]
[WhiteTeam "Muenster Indische Dame"]
[BlackTeam "Heiden"]
[WhiteTeamCountry "GER"]
[BlackTeamCountry "GER"]

1. d4 b5 2. e4 Bb7 3. Nd2 Nf6 4. e5 Nd5 5. Ngf3 a6 6. Ne4 e6 7. Bg5 Be7 8. Bxe7 Qxe7 9. Nc5 Bc6 10. Qd2 d6 11. Nd3 Nd7 12. Be2 0-0 13. 0-0 N7b6 14. b3 a5 15. c3 f6 16. Rac1 fxe5 17. dxe5 Bb7 18. c4 bxc4 19. bxc4 Nb4 20. exd6 cxd6 21. Nfe1 Nxd3 22. Qxd3 Na4 23. Bf3 Nc5 24. Qe2 Rab8 25. Bxb7 Rxb7 26. Nd3 Nxd3 27. Qxd3 Rb2 28. Qa3 Qf6 29. f4 Qd4+ 30. Kh1 Qd2 31. Qh3 Rf6 32. Rcd1 Qe2 33. Rfe1 Rd2 34. Qb3 Qxg2# 0-1

[Event "Muensterland Verbandsliga 1314"]
[Site "Germany"]
[Date "2014.05.03"]
[Round "9.6"]
[White "Beyer, Dietmar"]
[Black "Radinger, Rudolf"]
[Result "1/2-1/2"]
[WhiteElo "1964"]
[BlackElo "1588"]
[PlyCount "42"]
[EventDate "2013.09.07"]
[EventType "team-tourn"]
[EventRounds "9"]
[EventCountry "GER"]
[SourceTitle "EXT 2015"]
[Source "ChessBase"]
[SourceDate "2014.11.20"]
[SourceVersion "1"]
[SourceVersionDate "2014.11.20"]
[SourceQuality "1"]
[WhiteTeam "Heiden"]
[BlackTeam "Beelen"]
[WhiteTeamCountry "GER"]
[BlackTeamCountry "GER"]

1. e4 c5 2. f4 d5 3. e5 Nc6 4. Nf3 e6 5. c3 Nge7 6. d3 h5 7. Be3 Nf5 8. Bf2 b6 9. d4 Bb7 10. Bd3 g6 11. 0-0 Rc8 12. Bxf5 gxf5 13. Re1 Be7 14. h4 cxd4 15. cxd4 Nb4 16. Nc3 Rc4 17. Rc1 Kf8 18. a3 Na6 19. g3 Qd7 20. Nd2 Rc8 21. Qe2 Kg7 1/2-1/2

[Event "Muensterland Verbandsliga 1314"]
[Site "Germany"]
[Date "2014.04.05"]
[Round "8.6"]
[White "Wessel, Johannes"]
[Black "Beyer, Dietmar"]
[Result "1/2-1/2"]
[WhiteElo "1812"]
[BlackElo "1964"]
[PlyCount "40"]
[EventDate "2013.09.07"]
[EventType "team-tourn"]
[EventRounds "9"]
[EventCountry "GER"]
[SourceTitle "EXT 2015"]
[Source "ChessBase"]
[SourceDate "2014.11.20"]
[SourceVersion "1"]
[SourceVersionDate "2014.11.20"]
[SourceQuality "1"]
[WhiteTeam "Steinfurt"]
[BlackTeam "Heiden"]
[WhiteTeamCountry "GER"]
[BlackTeamCountry "GER"]

1. e4 c5 2. Nf3 e6 3. d4 cxd4 4. Nxd4 a6 5. Bd3 Nc6 6. Be3 Nf6 7. 0-0 Qc7 8. Nb3 Be7 9. Nc3 b5 10. a3 Bb7 11. f4 d6 12. Be2 0-0 13. Bf3 Rac8 14. g4 Nd7 15. g5 Nc5 16. Bg2 b4 17. axb4 Nxb3 18. cxb3 Nxb4 19. Rc1 Qa5 20. Ra1 Qd8 1/2-1/2

[Event "Muensterland Verbandsliga 0910"]
[Site "Germany"]
[Date "2009.11.28"]
[Round "3.2"]
[White "Beyer, Dietmar"]
[Black "Haselhorst, Helmut"]
[Result "1/2-1/2"]
[WhiteElo "2029"]
[BlackElo "2023"]
[PlyCount "64"]
[EventDate "2009.09.26"]
[EventType "team-tourn"]
[EventRounds "9"]
[EventCountry "GER"]
[SourceTitle "EXT 2011"]
[Source "ChessBase"]
[SourceDate "2010.11.26"]
[SourceVersion "1"]
[SourceVersionDate "2010.11.26"]
[SourceQuality "1"]
[WhiteTeam "Heiden"]
[BlackTeam "Ostbevern Westbevern"]
[WhiteTeamCountry "GER"]
[BlackTeamCountry "GER"]

1. d4 Nf6 2. Bg5 Ne4 3. Bf4 c5 4. Nd2 Nxd2 5. Qxd2 cxd4 6. Nf3 d6 7. e3 dxe3 8. Bxe3 Nc6 9. Bc4 e6 10. 0-0 Be7 11. Rad1 0-0 12. Rfe1 Bd7 13. Bg5 d5 14. Bxe7 Nxe7 15. Bd3 Ng6 16. Ng5 Qf6 17. h4 Rfd8 18. Nxh7 Kxh7 19. h5 Rh8 20. hxg6+ fxg6 21. Re3 Kg8 22. Rg3 Be8 23. Qb4 Qh4 24. Qxh4 Rxh4 25. Re1 Bf7 26. Bxg6 Rc8 27. Bd3 a5 28. Rge3 g6 29. g3 Rb4 30. b3 Kg7 31. f4 Rc7 32. Re5 Rb6 1/2-1/2

[Event "Muensterland Verbandsliga 0910"]
[Site "Germany"]
[Date "2009.10.31"]
[Round "2.2"]
[White "Kipp, Lucas"]
[Black "Beyer, Dietmar"]
[Result "1/2-1/2"]
[WhiteElo "1947"]
[BlackElo "2029"]
[PlyCount "53"]
[EventDate "2009.09.26"]
[EventType "team-tourn"]
[EventRounds "9"]
[EventCountry "GER"]
[SourceTitle "EXT 2011"]
[Source "ChessBase"]
[SourceDate "2010.11.26"]
[SourceVersion "1"]
[SourceVersionDate "2010.11.26"]
[SourceQuality "1"]
[WhiteTeam "Saerbeck"]
[BlackTeam "Heiden"]
[WhiteTeamCountry "GER"]
[BlackTeamCountry "GER"]

1. d4 b5 2. e4 Bb7 3. Bd3 e6 4. Nf3 c5 5. c3 c4 6. Bc2 Nf6 7. Qe2 d6 8. 0-0 Nbd7 9. Bf4 Be7 10. Nbd2 0-0 11. Rfe1 Re8 12. e5 Nd5 13. Bg3 dxe5 14. Nxe5 N7f6 15. Ndf3 Rf8 16. Ng5 Bc8 17. Nc6 Qd7 18. Nxe7+ Qxe7 19. Ne4 Rd8 20. Bh4 Bb7 21. Qf3 Rab8 22. Nxf6+ Nxf6 23. Qh3 h6 24. Re5 Rd5 25. Rae1 Rbd8 26. Bxf6 Qxf6 27. Qg3 1/2-1/2

[Event "Muensterland Verbandsliga 0607"]
[Site "Germany"]
[Date "2006.10.28"]
[Round "2.3"]
[White "Beyer, Dietmar"]
[Black "Hollermann, Thomas"]
[Result "0-1"]
[WhiteElo "2084"]
[BlackElo "2261"]
[PlyCount "62"]
[EventDate "2006.09.16"]
[EventType "team"]
[EventRounds "9"]
[EventCountry "GER"]
[SourceTitle "EXT 2008"]
[Source "ChessBase"]
[SourceDate "2007.11.25"]
[SourceVersion "1"]
[SourceVersionDate "2007.11.25"]
[SourceQuality "1"]
[WhiteTeam "Heiden"]
[BlackTeam "Neuenkirchen"]
[WhiteTeamCountry "GER"]
[BlackTeamCountry "GER"]

1. e4 c6 2. f4 g6 3. Nf3 Bg7 4. d4 d5 5. e5 Nh6 6. Bd3 Bg4 7. h3 Bxf3 8. Qxf3 f6 9. f5 fxe5 10. fxg6 hxg6 11. Bxg6+ Kd7 12. dxe5 Qb6 13. e6+ Kxe6 14. Qe2+ Kd6 15. c3 Rf8 16. Be3 c5 17. Nd2 Kc7 18. Bh5 Qxb2 19. Rb1 Qxc3 20. Bf3 Nc6 21. 0-0 Nf5 22. Rb3 Nfd4 23. Bxd4 Qxd4+ 24. Kh1 c4 25. Rb5 Rad8 26. Rfb1 b6 27. Nf1 Rf5 28. Qe6 Re5 29. Qg6 Bf6 30. a4 Qf2 31. R5b2 Qh4 0-1

[Event "Muensterland Verbandsliga 0506"]
[Site "Germany"]
[Date "2006.03.11"]
[Round "8.3"]
[White "Beyer, Dietmar"]
[Black "Engels, Natia"]
[Result "1/2-1/2"]
[WhiteElo "2018"]
[BlackElo "2166"]
[PlyCount "186"]
[EventDate "2005.08.27"]
[EventType "team"]
[EventRounds "9"]
[EventCountry "GER"]
[SourceTitle "EXT 2006"]
[Source "ChessBase"]
[SourceDate "2005.11.24"]
[SourceVersion "1"]
[SourceVersionDate "2005.11.24"]
[SourceQuality "1"]
[WhiteTeam "Heiden"]
[BlackTeam "Muenster II"]
[WhiteTeamCountry "GER"]
[BlackTeamCountry "GER"]

1. e4 d5 2. e5 c5 3. f4 Nc6 4. Nf3 Bg4 5. c3 e6 6. Be2 Qb6 7. d3 0-0-0 8. Ng5 Bxe2 9. Qxe2 Nh6 10. 0-0 Be7 11. Nf3 Nf5 12. g4 Nh6 13. h3 Qa6 14. Be3 d4 15. cxd4 Nxd4 16. Nxd4 cxd4 17. Bf2 g5 18. fxg5 Bxg5 19. Nd2 Kb8 20. Ne4 Be3 21. Bxe3 dxe3 22. Nd6 Rhg8 23. Rf6 Nxg4 24. hxg4 h5 25. Rf4 f5 26. Rc1 Qxa2 27. Rb4 Qd5 28. Qxe3 Rxg4+ 29. Rxg4 hxg4 30. Rc5 Qb3 31. Qc1 a6 32. Qc2 Qxc2 33. Rxc2 b5 34. Rc6 Ka7 35. b4 Rd7 36. Rc8 Rh7 37. Re8 f4 38. Rxe6 Rh3 39. Ne4 Rxd3 40. Rxa6+ Kb8 41. Rb6+ Kc7 42. Rxb5 Re3 43. Nf6 Rg3+ 44. Kf2 Rf3+ 45. Ke2 Re3+ 46. Kd2 Kc6 47. Rc5+ Kb7 48. Nxg4 Re4 49. Nf6 Rxb4 50. e6 f3 51. Ke3 f2 52. Rc1 Rb6 53. Kxf2 Rxe6 54. Nd5 Rd6 55. Rc5 Re6 56. Kf3 Re1 57. Kf4 Re2 58. Kf5 Re1 59. Kf6 Re2 60. Kf7 Re1 61. Ne7 Kb6 62. Rd5 Kc7 63. Ke8 Rh1 64. Ng6 Re1+ 65. Ne5 Rh1 66. Ke7 Rh7+ 67. Nf7 Kc6 68. Rg5 Kb6 69. Ke6 Rh1 70. Kd7 Rh7 71. Rf5 Rg7 72. Kd6 Rg6+ 73. Ke7 Rg7 74. Kd7 Rh7 75. Kd6 Rh1 76. Rd5 Rh2 77. Nd8 Rc2 78. Ne6 Rc6+ 79. Kd7 Rc1 80. Nd4 Rc5 81. Rd6+ Kb7 82. Nc6 Rb5 83. Nd8+ Kb8 84. Kc6 Rb1 85. Ne6 Rc1+ 86. Nc5 Kc8 87. Rd2 Rc3 88. Re2 Kd8 89. Kd6 Rc1 90. Nb7+ Kc8 91. Re7 Rd1+ 92. Kc6 Rc1+ 93. Nc5 Kd8 1/2-1/2

[Event "Muensterland Verbandsliga 0506"]
[Site "Germany"]
[Date "2006.02.18"]
[Round "7.3"]
[White "Beyer, Dietmar"]
[Black "Haselhorst, Helmut"]
[Result "1/2-1/2"]
[WhiteElo "2018"]
[BlackElo "2152"]
[PlyCount "81"]
[EventDate "2005.08.27"]
[EventType "team"]
[EventRounds "9"]
[EventCountry "GER"]
[SourceTitle "EXT 2006"]
[Source "ChessBase"]
[SourceDate "2005.11.24"]
[SourceVersion "1"]
[SourceVersionDate "2005.11.24"]
[SourceQuality "1"]
[WhiteTeam "Heiden"]
[BlackTeam "Westbevern"]
[WhiteTeamCountry "GER"]
[BlackTeamCountry "GER"]

1. e4 c6 2. f4 d5 3. e5 c5 4. Nf3 Nc6 5. c3 Bg4 6. Be2 e6 7. d3 Nge7 8. h3 Bxf3 9. Bxf3 Nf5 10. 0-0 Be7 11. Kh2 0-0 12. g3 Qc7 13. Na3 Rad8 14. Qe2 Kh8 15. Nc2 Rfe8 16. Ne3 f6 17. exf6 Bxf6 18. Ng4 Be7 19. Re1 Bf8 20. Bd2 Qf7 21. Ne5 Nxe5 22. fxe5 Be7 23. Rf1 Qg8 24. Rf2 Rf8 25. Raf1 Rf7 26. Bh1 Rdf8 27. g4 Nh4 28. c4 Rxf2+ 29. Rxf2 Rxf2+ 30. Qxf2 dxc4 31. dxc4 Ng6 32. Qe2 b6 33. Kg1 Qd8 34. Bc3 Bg5 35. Be4 Nf4 36. Qf3 Bh6 37. b3 g5 38. Kh2 Bg7 39. h4 Ng6 40. Qf7 Nxe5 41. Qxe6 1/2-1/2

[Event "Muensterland Verbandsliga 0405"]
[Site "Muensterland"]
[Date "2005.01.29"]
[Round "5.3"]
[White "Waltermann, Jens"]
[Black "Beyer, Dietmar"]
[Result "1/2-1/2"]
[WhiteElo "1903"]
[BlackElo "2024"]
[PlyCount "49"]
[EventDate "2004.09.18"]
[EventType "team"]
[EventRounds "9"]
[EventCountry "GER"]
[SourceTitle "EXT 2006"]
[Source "ChessBase"]
[SourceDate "2005.11.24"]
[SourceVersion "1"]
[SourceVersionDate "2005.11.24"]
[SourceQuality "1"]
[WhiteTeam "Saerbeck"]
[BlackTeam "Heiden"]
[WhiteTeamCountry "GER"]
[BlackTeamCountry "GER"]

1. Nf3 c5 2. g3 Nc6 3. Bg2 Nf6 4. d3 d5 5. 0-0 e5 6. Nbd2 Be7 7. e4 dxe4 8. Nxe4 Nxe4 9. dxe4 Qxd1 10. Rxd1 Be6 11. c3 f6 12. Be3 Kf7 13. Bf1 a6 14. Nd2 Rhd8 15. Bc4 b5 16. Bxe6+ Kxe6 17. Nb3 c4 18. Nc5+ Bxc5 19. Bxc5 Rxd1+ 20. Rxd1 Rd8 21. Rxd8 Nxd8 22. f3 g6 23. Kf2 Nb7 24. Bb6 Kd6 25. f4 1/2-1/2

[Event "Muensterland Verbandsklasse-B 0304"]
[Site "Germany"]
[Date "2003.12.13"]
[Round "4.3"]
[White "Zachej, Arne"]
[Black "Beyer, Dietmar"]
[Result "0-1"]
[WhiteElo "1828"]
[BlackElo "1994"]
[PlyCount "82"]
[EventDate "2003.09.20"]
[EventType "team"]
[EventRounds "9"]
[EventCountry "GER"]
[SourceTitle "EXT 2005"]
[Source "ChessBase"]
[SourceDate "2004.11.15"]
[SourceVersion "1"]
[SourceVersionDate "2004.11.15"]
[SourceQuality "1"]
[WhiteTeam "Metelen"]
[BlackTeam "Heiden"]
[WhiteTeamCountry "GER"]
[BlackTeamCountry "GER"]

1. d4 b5 2. e4 Bb7 3. f3 b4 4. Be3 e6 5. c4 c5 6. d5 d6 7. Nh3 Nf6 8. Nd2 Be7 9. Bd3 Nbd7 10. Nf4 exd5 11. cxd5 0-0 12. Nc4 Nb6 13. 0-0 Nfd7 14. Qc2 Nxc4 15. Bxc4 Bg5 16. Rfe1 Qf6 17. Nd3 Bxe3+ 18. Rxe3 Qd4 19. Rae1 Nb6 20. b3 a5 21. Nb2 Rfe8 22. Bb5 Nxd5 23. Bxe8 Nxe3 24. Qf2 Rxe8 25. Rxe3 Ba6 26. g4 h6 27. Kg2 Bb5 28. Qe1 d5 29. e5 Bd7 30. Nd3 c4 31. bxc4 dxc4 32. Nf2 Be6 33. Re4 Qb6 34. g5 hxg5 35. Qc1 Bd5 36. Re1 Qc6 37. Ne4 Rxe5 38. Nxg5 Rxe1 39. Qxe1 f6 40. Ne4 Bxe4 41. fxe4 c3 0-1

[Event "Muensterland Verbandsklasse-B 0304"]
[Site "Germany"]
[Date "2003.09.20"]
[Round "1.2"]
[White "Beyer, Dietmar"]
[Black "Arning, Norbert"]
[Result "1-0"]
[WhiteElo "1994"]
[BlackElo "1920"]
[PlyCount "85"]
[EventDate "2003.09.20"]
[EventType "team"]
[EventRounds "9"]
[EventCountry "GER"]
[SourceTitle "EXT 2005"]
[Source "ChessBase"]
[SourceDate "2004.11.15"]
[SourceVersion "1"]
[SourceVersionDate "2004.11.15"]
[SourceQuality "1"]
[WhiteTeam "Heiden"]
[BlackTeam "Luedinghausen"]
[WhiteTeamCountry "GER"]
[BlackTeamCountry "GER"]

1. e4 c6 2. f4 d5 3. e5 Bf5 4. Nf3 e6 5. c3 Nd7 6. d4 c5 7. Be3 Qb6 8. Qb3 c4 9. Qxb6 axb6 10. Nbd2 b5 11. Nh4 Ne7 12. Be2 h6 13. Nxf5 Nxf5 14. Bf2 g6 15. 0-0 Be7 16. b3 0-0 17. g4 Ng7 18. bxc4 bxc4 19. Rfb1 Rfb8 20. a4 b6 21. Be3 Kh7 22. Kg2 Ra7 23. Bd1 Rba8 24. Ra2 Bd8 25. Nf3 Nb8 26. Rf2 Nc6 27. Bc2 Na5 28. Nd2 Kg8 29. Rbf1 Rc8 30. f5 g5 31. f6 Ne8 32. h4 Nb3 33. hxg5 hxg5 34. Nf3 Rxa4 35. Nxg5 Nc7 36. Rh1 Ra1 37. Rxa1 Nxa1 38. Bg6 Bxf6 39. Bxf7+ Kg7 40. exf6+ Kf8 41. Bxe6 Nxe6 42. Nxe6+ Kf7 43. Ng5+ 1-0

[Event "Muensterland Verbandsliga 0203"]
[Site "Muensterland"]
[Date "2003.03.29"]
[Round "8.4"]
[White "Beyer, Dietmar"]
[Black "Haselhorst, Helmut"]
[Result "0-1"]
[WhiteElo "2009"]
[BlackElo "2180"]
[PlyCount "158"]
[EventDate "2002.09.21"]
[EventType "team"]
[EventRounds "9"]
[EventCountry "GER"]
[SourceTitle "EXT 2004"]
[Source "ChessBase"]
[SourceDate "2003.11.25"]
[SourceVersion "1"]
[SourceVersionDate "2003.11.25"]
[SourceQuality "1"]
[WhiteTeam "Heiden"]
[BlackTeam "Westbevern"]
[WhiteTeamCountry "GER"]
[BlackTeamCountry "GER"]

1. e4 c6 2. f4 d5 3. e5 Bf5 4. Nf3 e6 5. Be2 h6 6. c3 Ne7 7. Na3 c5 8. Nc2 Nec6 9. Ne3 Bh7 10. d3 Be7 11. 0-0 0-0 12. Kh1 Nd7 13. Qe1 Nb6 14. Ng4 d4 15. c4 f5 16. exf6 Bxf6 17. Bd2 Qc7 18. Qg3 Kh8 19. Nge5 Bxe5 20. fxe5 Rf7 21. Nh4 Raf8 22. Rxf7 Qxf7 23. Kg1 Nd7 24. Rf1 Qe8 25. Rxf8+ Nxf8 26. Nf3 Ng6 27. h4 Nge7 28. Qf4 Kg8 29. g4 Qf7 30. Qg3 Kf8 31. a3 a5 32. b3 Ke8 33. h5 g6 34. hxg6 Qxg6 35. Kf2 Kd7 36. Qh4 Ng8 37. Bf4 Qg7 38. Ke1 Bg6 39. Kd2 Be8 40. Qh2 Kc7 41. Nh4 Nce7 42. Qf2 Ng6 43. Nxg6 Bxg6 44. b4 axb4 45. axb4 Qf8 46. Ke1 Ne7 47. b5 Bh7 48. Qh2 Ng8 49. g5 Qa8 50. gxh6 Ne7 51. Qh5 Ng6 52. Bg3 Qa1+ 53. Kf2 Qc1 54. Qf3 Qxh6 55. Qf7+ Kb6 56. Qxe6+ Ka5 57. Qg4 Qe3+ 58. Kg2 Nxe5 59. Qh5 Bxd3 60. Be1+ Ka4 61. Bd1+ Ka3 62. Bf2 Qe4+ 63. Kg1 Kb4 64. Bg3 Nxc4 65. Bf3 Qe3+ 66. Bf2 Qc1+ 67. Kh2 Nd2 68. Bxb7 Ne4 69. Bxe4 Bxe4 70. Qe2 Qf4+ 71. Kg1 Qc1+ 72. Kh2 Qh1+ 73. Kg3 Qg2+ 74. Kf4 Bd5 75. Qb2+ Ka5 76. Be1+ Kb6 77. Qxg2 Bxg2 78. Ke5 Kxb5 79. Bf2 Kc4 0-1

[Event "Muensterland Verbandsliga 0203"]
[Site "Muensterland"]
[Date "2003.02.08"]
[Round "6.5"]
[White "Beyer, Dietmar"]
[Black "Ringwelski, Marius"]
[Result "1-0"]
[WhiteElo "2009"]
[BlackElo "1933"]
[PlyCount "57"]
[EventDate "2002.09.21"]
[EventType "team"]
[EventRounds "9"]
[EventCountry "GER"]
[SourceTitle "EXT 2004"]
[Source "ChessBase"]
[SourceDate "2003.11.25"]
[SourceVersion "1"]
[SourceVersionDate "2003.11.25"]
[SourceQuality "1"]
[WhiteTeam "Heiden"]
[BlackTeam "Telgte"]
[WhiteTeamCountry "GER"]
[BlackTeamCountry "GER"]

1. e4 e5 2. Nf3 Nc6 3. c3 Nf6 4. d3 d5 5. Qc2 Be7 6. Be2 h6 7. h3 Be6 8. Be3 Qd7 9. a3 a5 10. a4 d4 11. Bd2 Rd8 12. cxd4 exd4 13. Qc1 Bb4 14. 0-0 g5 15. Bxb4 axb4 16. Nh2 Rg8 17. Nd2 g4 18. hxg4 Nxg4 19. Ndf3 Nxh2 20. Kxh2 Qd6+ 21. g3 Bg4 22. e5 Qg6 23. Nh4 Qh5 24. f3 Be6 25. Qe1 Nxe5 26. f4 Ng4+ 27. Bxg4 Qxg4 28. f5 Rd6 29. Rf4 1-0